000 00334nam a22001217a 4500
999 _c2769
_d2769
008 200316b ||||| |||| 00| 0 eng d
100 _92383
_aYahya, S.M.
245 1 0 _aTurbines, compressors and fans /
_cby S. M. Yahya.
260 _aNew Delhi:
_bTata McGraw Hill.
_c2005.
300 _axx,913p.
650 0 _aSteam Turbines
942 _cBK